书目信息 |
| 题名: |
电脑日常维护与故障处理从入门到精通
|
|
| 作者: | ;龙马高新教育 编著 | |
| 分册: | ||
| 出版信息: | 北京 北京大学出版社 2017.06 |
|
| 页数: | 322页 | |
| 开本: | 26cm | |
| 丛书名: | ||
| 单 册: | ||
| 中图分类: | TP307 | |
| 科图分类: | ||
| 主题词: | 计算机维护--ji suan ji wei hu--基本知识 , 电子计算机--dian zi ji suan ji--故障修复--基本知识 | |
| 电子资源: | ||
| ISBN: | 978-7-301-28236-6 | |
| 000 | 01019nam0 2200265 450 | |
| 001 | CAL 012017089204 | |
| 005 | 20170622151037.6 | |
| 010 | @a978-7-301-28236-6@dCNY 59.00 | |
| 010 | @a978-7-89441-177-8@b光盘 | |
| 099 | @aCAL 012017089204 | |
| 100 | @a20170606d2017 em y0chiy50 ea | |
| 101 | 0 | @achi |
| 102 | @aCN@b110000 | |
| 105 | @aak z 000yy | |
| 200 | 1 | @a电脑日常维护与故障处理从入门到精通@Adian nao ri chang wei hu yu gu zhang chu li cong ru men dao jing tong@f龙马高新教育编著 |
| 210 | @a北京@c北京大学出版社@d2017.06 | |
| 215 | @a322页@c图@d26cm@e光盘1片@e微信高手技巧随身查1册 (62页 ; 15cm) | |
| 330 | @a本书通过精选案例引导读者深入学习, 系统地介绍了电脑日常维护与故障处理的相关知识和应用方法。 | |
| 606 | 0 | @a计算机维护@Aji suan ji wei hu@x基本知识 |
| 606 | 0 | @a电子计算机@Adian zi ji suan ji@x故障修复@x基本知识 |
| 690 | @aTP307@v5 | |
| 711 | 02 | @a龙马高新教育@Along ma gao xin jiao yu@4编著 |
| 801 | 0 | @aCN@b人天书店@c20170606 |
| 905 | @aBZT@dTP307@e3 | |
| 906 | @dCNY59.00 (含光盘@n3@r1 | |
| 电脑日常维护与故障处理从入门到精通/龙马高新教育编著.-北京:北京大学出版社,2017.06 |
| 322页:图;26cm+光盘1片+微信高手技巧随身查1册 (62页 ; 15cm) |
| ISBN 978-7-301-28236-6:CNY 59.00 |
| 本书通过精选案例引导读者深入学习, 系统地介绍了电脑日常维护与故障处理的相关知识和应用方法。 |
| ● |
| 相关链接 |
|
|
|
正题名:电脑日常维护与故障处理从入门到精通
索取号:TP307/3
 
预约/预借
| 序号 | 登录号 | 条形码 | 馆藏地/架位号 | 状态 | 备注 |
| 1 | 847853 | 2000847853 | 第二书库/ [索取号:TP307/3] | 在馆 | |
| 2 | 847854 | 2000847854 | 第二书库/ [索取号:TP307/3] | 在馆 |